| 000 | 00820nam a2200265 a 4500 | ||
|---|---|---|---|
| 008 | |||
| 020 | _a041260860X (pbk.) | ||
| 049 | _aMAIN | ||
| 090 |
_aHF1379 _bKER |
||
| 100 | 1 | _aKerr, William A.) | |
| 245 | 1 | 4 |
_aThe economics of international business / _cWilliam A. Kerr and Nicholas Perdikis. |
| 260 |
_aLondon : _bChapman & Hall, _c1995. |
||
| 300 |
_axii, 274 p. ; _c25 cm. |
||
| 504 | _aIncludes bibliographical references. | ||
| 500 | _aIncludes index. | ||
| 650 | 0 | _aInternational economic relations. | |
| 650 | 0 | _aInternational business enterprises. | |
| 650 | 0 | _aInternational trade. | |
| 700 | 1 | _aPerdikis, Nicholas. | |
| 907 |
_a.b10050991 _b19-02-13 _c17-04-03 |
||
| 003 | |||
| 005 | 20230123133347.0 | ||
| 040 | _cNUST | ||
| 942 |
_cBOOKS _kHF1379 _mKER |
||
| 999 |
_c147229 _d147229 |
||